| 000 | 00567nam a22001697a 4500 | ||
|---|---|---|---|
| 005 | 20150519104008.0 | ||
| 008 | 150519b xxu||||| |||| 00| 0 eng d | ||
| 022 | _a2394-9015 | ||
| 040 | _adpl | ||
| 082 | _a330 | ||
| 245 | _aEmerging economy studies | ||
| 260 |
_aNew Delhi _bSage Publocation _c2015 |
||
| 300 |
_av. _c24cm |
||
| 310 | _aBi-annual | ||
| 270 |
_aB1/1-1,Mohan Cooperative Industrial Area,Mathura Road, _bNew Delhi _dIndia _e110044 _k91-11-40539222 _l91-11-40539234 _mcustomerservicejournal@sagepub.in |
||
| 942 |
_2ddc _cSR _h330 _mEME _s1 |
||
| 999 |
_c93733 _d93733 |
||